000 00389nam a2200157Ia 4500
999 _c30757
_d30757
003 OSt
005 20250604132913.0
008 250310s9999||||xx |||||||||||||| ||und||
040 _c.
082 _a823.912
_bF717
100 _95960
_aForester, C. S.
245 0 _aGold from crete /
_cC. S. Forester
260 _aLondon :
_bMichael Joseph ltd,
_c1971.
300 _a194 p.
942 _cBK
_2ddc